| 000 -LEADER |
| fixed length control field |
01888cam a2200397 a 4500 |
| 001 - CONTROL NUMBER |
| control field |
17523761 |
| 003 - CONTROL NUMBER IDENTIFIER |
| control field |
OSt |
| 005 - DATE AND TIME OF LATEST TRANSACTION |
| control field |
20160825112405.0 |
| 008 - FIXED-LENGTH DATA ELEMENTS--GENERAL INFORMATION |
| fixed length control field |
121108s1999 ilua b 001 0 eng d |
| 010 ## - LIBRARY OF CONGRESS CONTROL NUMBER |
| LC control number |
98089973 |
| 020 ## - INTERNATIONAL STANDARD BOOK NUMBER |
| International Standard Book Number |
1571672451 |
| 020 ## - INTERNATIONAL STANDARD BOOK NUMBER |
| International Standard Book Number |
9781571672452 |
| 035 ## - SYSTEM CONTROL NUMBER |
| System control number |
(OCoLC)ocm40910489 |
| 040 ## - CATALOGING SOURCE |
| Original cataloging agency |
PGM |
| Transcribing agency |
PGM |
| Modifying agency |
DAY |
| -- |
PSM |
| -- |
OCLCQ |
| -- |
BAKER |
| -- |
NLGGC |
| -- |
YDXCP |
| -- |
UW1 |
| -- |
OCLCG |
| -- |
DEBBG |
| -- |
DLC |
| 042 ## - AUTHENTICATION CODE |
| Authentication code |
lccopycat |
| 050 00 - LIBRARY OF CONGRESS CALL NUMBER |
| Classification number |
GV181.46.R52 1999 |
| 082 04 - DEWEY DECIMAL CLASSIFICATION NUMBER |
| Classification number |
790.072 |
| Edition number |
21 |
| 084 ## - OTHER CLASSIFICATION NUMBER |
| Classification number |
70.03 |
| Source of number |
bcl |
| 084 ## - OTHER CLASSIFICATION NUMBER |
| Classification number |
QQ 900 |
| Source of number |
rvk |
| 100 1# - MAIN ENTRY--PERSONAL NAME |
| Personal name |
Riddick, Carol Cutler. |
| 245 10 - TITLE STATEMENT |
| Title |
Evaluative research in recreation, park, and sport settings :searching for useful information / |
| Statement of responsibility, etc |
Carol Cutler Riddick and Ruth V. Russell. |
| 260 ## - PUBLICATION, DISTRIBUTION, ETC. (IMPRINT) |
| Place of publication, distribution, etc |
[Champaign, Ill.?] : |
| Name of publisher, distributor, etc |
Sagamore Pub., |
| Date of publication, distribution, etc |
c1999. |
| 300 ## - PHYSICAL DESCRIPTION |
| Extent |
viii, 392 p. : |
| Other physical details |
ill. ; |
| Dimensions |
26 cm. |
| 504 ## - BIBLIOGRAPHY, ETC. NOTE |
| Bibliography, etc |
Includes bibliographical references and index. |
| 505 0# - FORMATTED CONTENTS NOTE |
| Formatted contents note |
Developing an organization evaluation system -- Ethics of evaluation -- Literature review -- Quantitative and qualitative frameworks -- Defining the scope of evaluative research -- Designs used in evaluative research -- Sampling and sample size -- Procedures -- Data collection -- Making sense of quantitative information -- Making sense of qualitative information -- Writing and presenting reports -- From results to policy and practice -- Program evaluation -- Assessment -- Personnel performance appraisal -- Evaluation of the physical plant -- Evaluation of marketing. |
| 650 #0 - SUBJECT ADDED ENTRY--TOPICAL TERM |
| Topical term or geographic name as entry element |
Recreation |
| General subdivision |
Research. |
| 650 #0 - SUBJECT ADDED ENTRY--TOPICAL TERM |
| Topical term or geographic name as entry element |
Leisure |
| General subdivision |
Research. |
| 650 17 - SUBJECT ADDED ENTRY--TOPICAL TERM |
| Topical term or geographic name as entry element |
Recreatie. |
| Source of heading or term |
gtt |
| 650 17 - SUBJECT ADDED ENTRY--TOPICAL TERM |
| Topical term or geographic name as entry element |
Sport. |
| Source of heading or term |
gtt |
| 650 17 - SUBJECT ADDED ENTRY--TOPICAL TERM |
| Topical term or geographic name as entry element |
Natuurgebieden. |
| Source of heading or term |
gtt |
| 650 17 - SUBJECT ADDED ENTRY--TOPICAL TERM |
| Topical term or geographic name as entry element |
Evaluatie. |
| Source of heading or term |
gtt |
| 700 1# - ADDED ENTRY--PERSONAL NAME |
| Personal name |
Russell, Ruth V., |
| Dates associated with a name |
1948- |
| 906 ## - LOCAL DATA ELEMENT F, LDF (RLIN) |
| a |
7 |
| b |
cbc |
| c |
copycat |
| d |
2 |
| e |
ncip |
| f |
20 |
| g |
y-gencatlg |
| 942 ## - ADDED ENTRY ELEMENTS (KOHA) |
| Source of classification or shelving scheme |
|
| Koha item type |
Book |